Riconosci il Pokémon - Quiz n°396 - Statistics

Statistiche generali
  • Questo quiz è stato fatto 0 volte
  • Il punteggio medio è 0 su 10
Statistiche sulle risposte
Indizio Risposta % Corretto
Sesso 100% ♂
0%
Altezza 1,5 m (Forma Incarnazione); 3,0 m (Forma Totem)
0%
Tasso di cattura 3 (1.6%)
0%
Peso 65,0 kg
0%
Abilità Burla (Forma Incarnazione); Agonismo (Forma Incarnazione); Assorbivolt (Forma Totem)
0%
Tipo Elettro / Volante
0%
Tasso di allevamento Lento
0%
Stadio evoluzione Non si evolve
0%
Generazione Quinta
0%
Pokémon Thundurus
0%
Nessun quiz corrispondente trovato
Distribuzione punteggi
Percentuale di utenti per punteggio
Percentile per numero di risposta
I tuoi punteggi nel tempo
Non hai fatto questo quiz